Μακρόνησος : ιστορικός τόπος.

Αποθηκεύτηκε σε:
Λεπτομέρειες βιβλιογραφικής εγγραφής
Μορφή: Βιβλίο
Γλώσσα:Greek
Δημοσίευση: Αθήνα : Σύγχρονη Εποχή, 2003
Έκδοση:2η έκδ.
Θέματα:
Ετικέτες: Προσθήκη ετικέτας
Δεν υπάρχουν, Καταχωρήστε ετικέτα πρώτοι!

MARC

LEADER 00000cam a2200000 i 4500
001 1/63613
008 041022s2003 gre d
020 |a 960-224-908-0 (set) 
020 |a 960-224-909-9 (τόμ. Α') 
020 |a 960-224-910-2 (τόμ. Β') 
035 |l 10074867 
040 |a GR-MY-UA  |b gre  |e aacr 
041 0 |a gre 
082 0 |a 938.776 
245 1 0 |a Μακρόνησος :   |b ιστορικός τόπος. 
250 |a 2η έκδ. 
260 |a Αθήνα :   |b Σύγχρονη Εποχή,   |c 2003 
300 |a 2 τ.;  |b φωτ., 1 χάρτ.;  |c 25 εκ. 
610 2 0 |a Makronesos (Concentration camp) 
651 0 |a Makronesos (Greece)  |x History  |y 20th century. 
651 0 |a Greece  |x History  |y Civil War, 1944-1949  |v Personal narratives. 
651 0 |a Greece  |x History  |y Civil War, 1944-1949  |x Concentration camps. 
852 |a INST  |b SAMOS  |e 20041022  |h 938.778 ΜΑΚ  |p 005300022876  |q 005300022876  |t BK  |y 0  |z τ.1 
852 |a INST  |b SAMOS  |e 20041022  |h 938.778 ΜΑΚ  |p 005300022877  |q 005300022877  |t BK  |y 0  |z τ.2 
852 |a INST  |b SAMOS  |e 20041022  |h 938.778 ΜΑΚ  |p 005300022876  |q 005300022876  |t BK  |v τ.1:  |y 0  |z τ.1 
852 |a INST  |b SAMOS  |e 20041022  |h 938.778 ΜΑΚ  |p 005300022877  |q 005300022877  |t BK  |v τ.2:  |y 0  |z τ.2 
853 |a INST  |b SAMOS  |h 938.778 ΜΑΚ 
901 |a BIBL3-2004-3 
922 |a 3ΕΛΗ  |b 200406  |c ΤΜΠΕΣ  |d LEADER 
970 |a ΜΑΛΑΓΑΡΗ  |b ΦΩΤΕΙΝΗ  |z 2004/10/22